| 000 | 00792am a2200289a 44500 | ||
|---|---|---|---|
| 003 | AR-BaBNM | ||
| 005 | 20251128203702.0 | ||
| 008 | 047019s1988 #AR|||||||||||000 | esp|| | ||
| 020 | _a950-9467-06-5 | ||
| 040 | _cAR-BaBNM | ||
| 100 | 1 | _aEntel, Alicia | |
| 245 | 1 | 0 | _aEscuela y conocimiento |
| 260 |
_aBuenos Aires _bMiño y Dávila _c1988 |
||
| 300 | _a44 p. | ||
| 490 | 0 | _aCuadernos FLACSO | |
| 500 | _aFLACSO: FACULTAD LATINOAMERICANA DE CIENCIAS SOCIALES | ||
| 504 | _aBibliografía: p. 41-44 | ||
| 650 | 4 | _aCONOCIMIENTO | |
| 650 | 4 | _aSOCIOLOGIA DEL CONOCIMIENTO | |
| 650 | 4 | _aCREATIVIDAD | |
| 650 | 4 | _aSOCIOLOGIA DE LA EDUCACION | |
| 653 | _aEDUCACION SECUNDARIA | ||
| 800 | 1 | _aFasce, Jorge | |
| 800 | 1 |
_aRojo, Mónica _esupervisión |
|
| 942 | _cBK | ||
| 998 | _cSILVI | ||
| 999 |
_c4483 _d4483 |
||